000 00662nam a2200253 i 4500
001 C2-0284586
003 PPAK
005 20180728014414.0
008 071205s my a|||| ||||| | may d
020 _a9676119180
040 _aPPAK
_beng
_cPPAK
_erda
082 0 4 _a796.33
_223
090 0 0 _a796.33
_bBOL
_dK
245 0 0 _aBola sepak
264 1 _aKuala Lumpur :
_bUtusan Publications ,
300 _a54 pages :
_bcolour illustrations ;
_c20 cm
336 _2rdacontent
_atext
337 _2rdamedia
_aunmediated
338 _2rdacarrier
_avolume
490 1 _aSiri kenali sukan
650 1 0 _aFootball.
830 0 _aSiri kenali sukan
942 _ddc
_cB
999 _c90529
_d90529